Commercial banking in Libya and the potential for Islamic banking /
Saved in:
| Main Author: | |
|---|---|
| Format: | Thesis |
| Language: | English |
| Published: |
Durham :
University of Durham,
2008
|
| Subjects: | |
| Tags: |
Add Tag
No Tags, Be the first to tag this record!
|
| LEADER | 011170000a22002770004500 | ||
|---|---|---|---|
| 008 | 110920t2008 enka f m 000 0 eng d | ||
| 040 | |a UIAM |b eng | ||
| 043 | |a e-uk--- | ||
| 050 | |a HG3385 | ||
| 100 | 1 | |a Kumati, Amal |9 117020 | |
| 245 | 1 | 0 | |a Commercial banking in Libya and the potential for Islamic banking / |c by Amal Kumati |
| 260 | |a Durham : |b University of Durham, |c 2008 | ||
| 300 | |a xvi, 337 p. : |b ill. ; |c 30 cm. | ||
| 336 | |2 rdacontent | ||
| 337 | |2 rdamedia | ||
| 338 | |2 rdacarrier | ||
| 500 | |a "A thesis presented in fulfilment of the requirements for the award of the Doctor of Philosophy." -- On t. p. | ||
| 502 | |a Thesis (Ph. D.) -- University of Durham, 2008 | ||
| 504 | |a Includes bibliographical references (p. 280-305). | ||
| 650 | 0 | |a Banks and banking |z Libya |9 117021 | |
| 650 | 0 | |a Banks and banking, Islamic |9 2310 | |
| 655 | 0 | 7 | |a Theses, Facsimile edition (Islamic) |9 117022 |
| 900 | |a hj-ls | ||
| 942 | |2 lcc |n 0 | ||
| 999 | |c 434457 |d 465162 | ||
| 952 | |0 0 |6 TI HG 003385 K96C 2008 |7 0 |8 THESES |9 756702 |a IIUM |b IIUM |c MULTIMEDIA |g 640.00 |o ti HG 3385 K96C 2008 |p 00011196869 |r 2017-10-23 |t 1 |v 640.00 |y THESIS | ||
